[Event "Gashimov Memorial 3rd"]
[Site "Shamkir"]
[Date "2016.05.28"]
[Round "3"]
[White "Mamedyarov, Shakhriyar"]
[Black "Eljanov, Pavel"]
[Result "1-0"]
[WhiteElo "2748"]
[BlackElo "2765"]
[Annotator "Roiz,M"]
[PlyCount "117"]
[EventDate "2016.05.26"]
[EventType "tourn"]
[EventRounds "9"]
[EventCountry "AZE"]
[EventCategory "20"]
[SourceTitle "CBM 173"]
[Source "ChessBase"]
[SourceDate "2016.07.12"]
[SourceVersion "1"]
[SourceVersionDate "2016.07.12"]
[SourceQuality "1"]

1. d4 Nf6 2. c4 e6 3. Nc3 Bb4 4. Nf3 b6 5. Qb3 c5 6. Bg5 Bb7 7. e3 O-O {
The players have entered an extremely rare theoretical line, where Black
usually manages to solve all the problems.} 8. Be2 {Even though this move is
the most common, it seems toothless.} (8. a3 $5 {as was played in a recent
game between 2 strong grandmasters is more in the spirit of position. For
instance,} Ba5 9. dxc5 Na6 10. c6 Bxc6 11. Qc2 Bxc3+ 12. Qxc3 Nc5 13. Bxf6 Qxf6
14. Qxf6 gxf6 15. b4 Ne4 16. Nd4 $14 {Korobov,A (2674)-Khairullin,I (2628)
Sochi RUS 2016, White was somewhat better.}) 8... cxd4 $1 {Pavel chooses a
correct moment for releasing the tension in the centre.} 9. Qxb4 ({Black is
also doing OK after} 9. exd4 Be7 10. O-O Nc6 11. Rad1 h6 (11... Rc8 $6 12. d5
Na5 13. Qa4 $36 {Edouard,R (2659)-Moiseenko,A (2698) Hockenheim GER 2014}) 12.
Bh4 d5 13. Bxf6 Bxf6 14. cxd5 Na5 15. Qa4 Bxd5 16. Nxd5 Qxd5 $11) 9... Nc6 $146
{GM Pavel Eljanov comes up with an interesting novelty, which forces White to
play very precisely in order to maintain the balance.} (9... Na6 10. Qa3 dxc3
11. Qxc3 Ne4 12. Bxd8 Nxc3 13. Be7 Rfe8 14. Bd6 Nxe2 15. Kxe2 Nc5 $11 {
Matlakov,M (2676)-Yemelin,V (2559) St Petersburg 2013}) 10. Qa3 dxc3 11. bxc3
$6 {This way of handling the position involves an obvious strategic risk, but
GM Mamedyarov is a very brave player!} ({Objectively,} 11. Qxc3 {would be a
better choice, though after} Ne4 12. Bxd8 Nxc3 {White's position looks shaky,
and finding the following precise moves isn't an easy task:} 13. Bxb6 $1 Nxe2 (
13... axb6 14. bxc3 Na5 15. O-O Ba6 16. Nd2 Rfc8 17. Rfb1 {leads to a drawish
endgame.}) 14. Bc5 Rfc8 15. Kxe2 Na5 16. Bd4 Nxc4 17. Rhc1 $11) 11... h6 12.
Bh4 Rc8 13. Rd1 {The pressure along the d-file doesn't fully compensate for a
damaged pawn structure, but it is the best that White can do.} Qc7 $6 {This
move is a serious concession - the king is becoming exposed, so White gets
sufficient counterplay.} ({Black had no reasons for deviating from the most
principled} 13... g5 $1 14. Bg3 Ne4 {liquidating the opponent's dark-squared
bishop} 15. Nd2 (15. Bd6 Nxd6 16. Qxd6 Qf6 17. O-O g4 18. Nd4 Ne5 $15) 15...
Nxg3 16. hxg3 Kg7 $15) 14. Bxf6 gxf6 15. O-O Kg7 {A decent prophylactic move -
the Pf6 might be left hanging in the long run.} 16. Nd4 ({An equal endgame
would arise in the event of} 16. Rd6 Na5 17. Nd4 Ba6 18. Nb5 Bxb5 19. cxb5 Qxc3
20. Qxc3 Rxc3 21. Rxd7 Rc2 $11) 16... Ne5 17. Nb5 Qc5 {A small inaccuracy.} ({
A better move was} 17... Qc6 $1 18. f3 Qc5 19. Qxc5 Rxc5 20. Rd4 ({After} 20.
Nd6 Bc6 21. e4 Ng6 $15 {White would suffer from a lack of constructive ideas.})
20... d5 21. cxd5 Bxd5 22. a4 f5 {- White should be able to maintain the
balance, but Black is no longer running any risk.}) 18. Qb4 $1 {This precise
move allows White to get a better version of the above-mentioned endgame.} a5 {
Obviously, weakening the Pb6 makes Black's position somewhat shaky.} ({A safer
try would be} 18... f5 19. Nd6 Rb8 20. Rd2 Bc6 $11) 19. Qxc5 Rxc5 20. Nd6 Ba6
21. Rd4 {The strong Nd6 significantly restricts the mobility of Black's pieces.
However, the position is still very close to equal.} f5 22. Rb1 Rb8 (22... Nc6
$5 {deserved serious attention:} 23. Rf4 (23. Rd2 Ne5 $11) 23... Ne5 {, and if}
24. Rxb6 Rc6 25. Rxc6 dxc6 {then Black gets sufficient compensation for a pawn
due to the poor placement of White's rook.}) 23. f4 Nc6 24. Rd2 Ne7 $1 {
Pavel finds a correct defensive idea - it is necessary to exchange the
annoying knight as soon as possible.} 25. Kf2 Kf8 26. e4 Nc8 27. Nb5 {
Shakhriyar is trying to keep the tension in the position.} (27. exf5 {does not
promise anything:} Nxd6 28. Rxd6 Bxc4 29. f6 Bxe2 30. Kxe2 Rxc3 31. Rxd7 Kg8
$11) 27... Ke7 (27... fxe4 $5 28. Rxd7 Bxb5 29. Rxb5 Ke8 30. Rxc5 Kxd7 31. Rh5
Nd6 32. Rxh6 Rc8 $11) 28. Rbd1 Rb7 29. exf5 Rxf5 {Both sides have their
weaknesses, but White's pieces are somewhat more active, so Black should be
careful.} 30. g3 ({Correctly rejecting the tempting} 30. Bf3 $6 Rxf4 31. Ke3
Rxc4 32. Bxb7 Bxb5 33. Bxc8 Rxc3+ 34. Kf2 Rxc8 $15) 30... Rc5 31. Na3 d6 32. g4
{White's only idea is advancing the kingside pawns now. At the same time,
Black should try to activate the queenside pieces.} Rd7 33. h4 Rd8 34. Rd4 (34.
g5 $6 Rf5 35. Kg3 Rg8 36. Bd3 Rc5 {can be dangerous only for White.}) 34... Na7
({The best way of releasing the tension would be} 34... d5 $1 35. cxd5 Bxe2 36.
Kxe2 Rxc3 37. Nb5 Rc2+ 38. R1d2 Rxd2+ 39. Rxd2 Rxd5 40. Rxd5 exd5 {Despite the
extra pawn, the resulting endgame looks dangerous to a human eye. However, as
the analyses prove, Black's defensive task is quite easy:} 41. Ke3 Kd7 42. h5
Ne7 43. g5 f6 $1 44. gxh6 Nf5+ 45. Kd3 Nxh6 $11) 35. Rb1 Nc8 36. Nc2 $1 {
Now GM Mamedyarov manages to take advantage of Black's passive play and
improve the placement of his knight.} d5 {Alas, there is no other way to
change the unfavourable path of game.} (36... e5 37. fxe5 dxe5 38. Rxd8 Kxd8
39. Ne3 $14) 37. cxd5 Bxe2 38. Kxe2 Rdxd5 (38... Rxc3 39. Ne3 Ra3 40. Rb2 $14)
39. Kd3 (39. Rxd5 $5 Rxd5 40. Nd4 Rc5 41. Kd3 $14) 39... h5 40. Ne3 Rd7 $2 {
The last move before passing the time control turns out a serious mistake.} ({
The correct move was} 40... Rd6 $1 41. g5 b5 42. c4 bxc4+ 43. Nxc4 Rxd4+ 44.
Kxd4 Rd5+ 45. Ke4 Rc5 {- White still has some advantage, but draw seems the
most probable result in this position.}) 41. f5 $1 {An excellent tactical
resource, which enables White to create a dangerous passer.} hxg4 ({Hardly
better was} 41... exf5 42. Nxf5+ Kd8 43. Rf1 hxg4 44. h5 $16) 42. h5 Nd6 43. h6
Rc8 $2 {A decisive mistake.} ({Pavel's position was very difficult, but had he
played} 43... g3 $1 44. h7 Rc8 45. Rxb6 Nxf5 46. Rxd7+ Kxd7 47. Rb7+ Kd6 48.
Rxf7 Rh8 $16 {the limited material ballance would leave Black definite drawing
chances.}) 44. Re1 $1 Nb7 ({The most stubborn was} 44... Kf8 45. fxe6 fxe6 {
, but after} 46. Ke2 $1 {White manages to take advantage of pin on the Nd6:} g3
47. Red1 Rcd8 48. Nc4 g2 49. Ne5 Rc7 50. Kf2 Ke7 51. h7 Rf8+ 52. Kxg2 Kf6 53.
Ng4+ Kg5 54. Nf2 Nf5 55. Rg4+ Kf6 56. Ne4+ Kf7 57. Re1 $18) 45. Rxd7+ Kxd7 46.
Nxg4 {The exchange of rooks makes the h6-pawn even stronger.} Nc5+ 47. Kd4 Kd6
(47... Rh8 {offered equally little hope:} 48. fxe6+ Nxe6+ 49. Ke5 Ke7 50. Nf6
$1 $18 {with full domination.}) 48. Ne5 f6 (48... Ke7 49. f6+ Kxf6 50. Rf1+ Kg5
51. h7 $18) 49. Ng6 e5+ 50. Ke3 Rc7 51. Rd1+ Kc6 52. Rd8 Nb7 53. Rc8 $1 $18 {
The most effective! The rest was simple.} Rxc8 54. Ne7+ Kc5 55. Nxc8 Nd8 56. h7
Nf7 57. Ne7 Kc4 58. Ng8 Kxc3 59. Nxf6 ({Black resigns in view of} 59. Nxf6 Kc4
60. Ne4 Kd5 61. Ng5 Nh8 62. f6 Kd6 63. a4 ({Or} 63. Ke4 b5 64. a3 b4 65. axb4
axb4 66. Kd3 $18) 63... Kd7 64. Ke4 Kd6 65. f7 Ke7 66. Kxe5 $18) 1-0

[Event "Skopje Karposh op"]
[Site "Skopje"]
[Date "2014.04.05"]
[Round "9"]
[White "Roiz, Michael"]
[Black "Rozentalis, Eduardas"]
[Result "1/2-1/2"]
[WhiteElo "2591"]
[BlackElo "2623"]
[Annotator "Roiz,M"]
[PlyCount "120"]
[EventDate "2014.03.29"]
[EventType "swiss"]
[EventRounds "9"]
[EventCountry "MKD"]
[SourceTitle "CBM 160"]
[Source "ChessBase"]
[SourceDate "2014.05.15"]
[SourceVersion "1"]
[SourceVersionDate "2014.05.15"]
[SourceQuality "1"]

1. c4 e6 2. Nc3 b6 3. d4 Bb7 4. a3 d5 {Edouard has a very original opening
repertoire and usually avoids the main theoretical lines.} 5. cxd5 exd5 6. g3 (
6. Nf3 Nf6 {is a direct transposition to Petrosian system in E12. My opponent
has solid experience in it.}) 6... Nf6 7. Bg2 Be7 {I was happy to see this
move during the game. Usually Black prefers to keep his dark-squared bishop on
d6, but 7...Bd6 could be met by 8.Bg5 c6 9.e4! with the initiative.} 8. Nf3 O-O
9. O-O Nbd7 10. Bf4 {Now White has a good version of E12 and maintains some
advantage.} ({Sometimes White may start with} 10. Ne5 {But it seems less
flexible. For instance,} c5 11. Be3 Nxe5 12. dxe5 Ne4 13. Nxe4 dxe4 14. Qc2 Qd5
$10) 10... Ne4 (10... c5 11. Rc1 (11. Qc2 {1/2-1/2 Shirov,A (2685)-Epishin,V 
(2655)/Biel 1993/CBM 037/[Epishin] (70)}) 11... a6 12. dxc5 bxc5 13. Ne5 $14 {
1-0 Ibragimov,I (2611)-De Silva,N/Sangli 2000/EXT 2001 (32)}) 11. Qb3 $5 {
Quite a rare move. My idea was to provoke the exchange on c3 as soon as it
possible. In the event of 11...c5 Black should be able to play with an
isolated pawn, since recapturing with the Pb6 is not possible anymore.} (11.
Rc1 Nxc3 (11... Bd6 12. Bxd6 cxd6 13. Nd2 $14 {1/2-1/2 Barczay,L (2470)-Ambroz,
J (2600)/Trencianske Teplice 1979/MCD (37)}) 12. Rxc3 c5 {looks playable for
Black.}) 11... Nxc3 $146 (11... Ndf6 12. Rac1 (12. Rfd1 Ba6 13. Ne5 $14 {
0-1 Yip,M (2090)-Voskanyan,V (2425)/Budapest 1995/EXT 1997 (41)}) 12... c5 13.
dxc5 Bxc5 14. Ne5 Qe7 15. Nd3 $14) 12. bxc3 c5 $6 {This advance looks natural,
but actually it only creates a clear target.} ({Edouard should have preferred:
} 12... Re8 13. a4 (13. c4 Nf6 14. Rfd1 c5 {is acceptable for Black.}) 13...
Bd6 14. Bxd6 cxd6 15. a5 Bc6 $14) (12... Bd6 13. Bxd6 cxd6 14. a4 $14 {In both
cases Black has a slishgty worse but solid position.}) 13. a4 $1 {A correct
plan. Now Black's queenside is under permanent pressure.} Nf6 14. a5 (14. Ne5
$5 Ba6 15. Rfe1 Rc8 16. a5 b5 17. dxc5 Bxc5 18. Red1 $14) 14... Ba6 15. axb6 (
15. Ne5 $1 c4 (15... bxa5 16. Nc6 Qe8) 16. Qb2 (16. Qc2 b5 17. Nc6 Qd7 18.
Nxe7+ Qxe7 19. Bg5 Bb7 20. Qf5 Qd7 $14) 16... b5 17. Nc6 Qd7 18. Nxe7+ Qxe7 19.
Bg5 $36 {with a powerful initiative. The pin is quite unpleasant, while White
is ready to push e2-e4.}) 15... axb6 ({The lesser evil seems:} 15... Qxb6 16.
Qc2 Bb5 17. Rfb1 a6 18. e3 Rac8 $14) 16. Qb2 {That is not a mistake yet, but
now I cannot understand why I rejected 16.Ne5, which was the most natural way
to handle this position.} (16. Ne5 cxd4 17. cxd4 Bxe2 18. Rfe1 Rxa1 19. Rxa1
Bd6 20. Nc6 (20. Nxf7 Rxf7 21. Bxd5 Nxd5 22. Qxd5 Bf3 $1 $11) 20... Bc4 21. Qb2
Qc7 22. Bxd6 Qxd6 23. Qxb6 Qe6 24. Qb7 $14) (16. Rfe1 cxd4 17. cxd4 Bc4 18.
Rxa8 Bxb3 19. Rxd8 Bxd8 20. Ne5 $14) 16... cxd4 17. cxd4 (17. Nxd4 Bc5 18. Bg5
Bb7 19. Rxa8 Bxa8 20. Ra1 h6 21. Bxf6 Qxf6 22. e3 $14) 17... Bc4 18. Rxa8 (18.
Ne5 b5 19. Nxc4 bxc4 20. Qb7 $14) 18... Qxa8 19. Qxb6 $2 {Now when I look at
this position, I cannot explain this strange decision. The game was played
early in the morning, the players were tired, but...why did I let him simplify
the position?} ({The most natural and strongest continuation was} 19. Ra1 Qc8 (
19... Qc6 20. Ne5 Qe6 21. Nxc4 dxc4 22. Ra7 $16) 20. Ra7 Re8 21. Ne5 b5 22.
Nxc4 bxc4 {and the strong Pc4 doesn't change the character of position. White
has a pair of bishops,the Pd5 is very weak, etc. For instance,} (22... Qxc4 23.
e3 b4 24. Bg5 $16) 23. Be5 $16 (23. Qb5 $16)) 19... Bxe2 20. Re1 Bxf3 21. Bxf3
Re8 {White has a slighty more active pieces, but this is only a symbolic
advantage.} 22. Qb5 {This move is connected with a tactical blunder.} ({
Still, after} 22. Kg2 Ne4 (22... Bf8 $2 23. Rxe8 Qxe8 24. Qb7 Qe6 25. Qa8 Ne4
26. Bc1 $16) 23. Rb1 Bg5 24. Bxe4 Bxf4 $11 {Black should make an easy draw.})
22... Bd6 $1 {A nice tactical way to solve all the problems.} 23. Be5 $2 {
I was disappointed by previous mistakes, but...} ({I had to accept a draw:} 23.
Rxe8+ Qxe8 24. Qxe8+ Nxe8 25. Be3 Nc7 $11) 23... Bxe5 24. dxe5 Rxe5 $1 $15 25.
Rd1 {Luckily, I was able to relax and switch to a precise defence.} ({
Exchanging the rooks could be a bad decision:} 25. Rxe5 $2 Qa1+ 26. Kg2 Qxe5
$17) 25... h6 26. Kg2 g5 27. h3 {Securing the bishops.} Kg7 28. Qb2 Qe8 29. Rd4
(29. Bxd5 $4 {Falling into a simple trap:} Rxd5 30. Rxd5 Qe4+ $19 {would have
been too much for me on that day!}) 29... Qe6 30. Rb4 {Intending to create
some threats. Black is forced to exchange the queens now.} Re1 31. Rb6 Qe5 32.
Qxe5 Rxe5 33. Rd6 $1 {Now Black cannot make much progress.} Re1 34. g4 Ra1 35.
Kg3 Ra4 36. Kg2 Rf4 37. Rd8 {Black cannot activate his knight and king.} Rd4
38. Kf1 Rd3 39. Kg2 Rc3 ({After} 39... d4 40. Be2 Rd2 41. Kf1 Ne4 42. Ke1 $11 {
the pawn is lost.}) 40. Rd6 Ra3 41. Rd8 Ra4 42. Rd6 d4 43. Rd8 {The only thing
I should avoid in this position is the appearance of Black's knight on f4.} Nh7
44. Be4 Nf8 45. Bf5 Ng6 (45... Ne6 46. Bxe6 fxe6 47. Kf3 $11 {is a dead draw
as well.}) 46. Bxg6 Kxg6 47. Rd6+ f6 48. Kf3 Ra3+ 49. Ke2 Rxh3 50. Rxd4 $11 {
This endgame doesn't require much accuracy.} h5 51. gxh5+ Kxh5 52. Kf1 f5 53.
Kg2 g4 54. Rd5 Kg5 55. Ra5 Rd3 56. Rb5 Kf4 57. Rb4+ Ke5 58. Rb5+ Ke4 59. Rb4+
Rd4 60. Rxd4+ Kxd4 {A draw was agreed in view of 61.f3.} 1/2-1/2